[Event "Olympiad-36"]
[Site "Mallorca"]
[Date "2004.10.19"]
[Round "5"]
[White "Baburin, Alexander"]
[Black "Juarez Flores, Carlos Armando"]
[Result "1-0"]
[WhiteElo "2527"]
[BlackElo "2391"]
[Annotator "Mikhalevski,V"]
[PlyCount "79"]
[EventDate "2004.10.15"]
[EventType "team-swiss"]
[EventRounds "14"]
[EventCountry "ESP"]
[SourceTitle "CBM 104"]
[Source "ChessBase"]
[SourceDate "2005.01.27"]
[SourceVersion "1"]
[SourceVersionDate "2005.01.27"]
[SourceQuality "1"]
[WhiteTeam "Ireland"]
[BlackTeam "Guatemala"]
[WhiteTeamCountry "IRL"]
[BlackTeamCountry "GUA"]

1. d4 e6 2. c4 d5 3. Nf3 c5 4. cxd5 exd5 5. g3 Nc6 6. Bg2 c4 {A rare line of
Tarrasch Defence. Instead of attack of the centre Black decides to play on the
queenside. Usually it leads to a position with isoliani on d5 after exchange
of the c4 and b2-pawns.} 7. O-O {White prepares b3.} Bb4 8. b3 cxb3 (8... b5 $6
{looks dangerous and was tested only once} 9. a4 (9. a3 $5 {taking away the
a5-square from the black knight is strong.} Ba5 10. a4 a6 11. axb5 axb5 12. Nc3
$1 {[%cal Gc3d5,Gc3b5]}) 9... Na5 $1 10. axb5 Nxb3 11. Ra4 a5 12. Ne5 $1 Ne7
13. Nxc4 Nxc1 14. Qxc1 Bd7 15. Rxb4 $1 axb4 16. Nd6+ Kf8 17. Qc5 {1/2-1/2
Matveeva,S-Zhukova,N/Belgrade 1998/CBM 63 ext (36). (36) and White obtained
dangerous initiative for the sacrificed exchange.}) 9. Qxb3 Nge7 10. Ba3 (10.
Bd2 a5 11. Bxb4 {leads to transposition.}) 10... a5 (10... Bxa3 {was tested
yet in the Mikenas' games. After} 11. Qxa3 $14 {White is also slightly better.}
) 11. Bxb4 axb4 12. Nbd2 {Now White's plan is either to try to win the b4-pawn
by means of Ne1-c2 and Rfb1 which also requires preliminary e3 or to trade the
b4-pawn playing a3. The first idea is unlikely to succeed as it's too slow. So
White has to concentrate on trading the b-pawn.} O-O {After this natural move
trades the b4-pawn and obtains small, but stable advantage.} ({Mikenas'} 12...
Qa5 {is logical in order to prevent a3. However with accurate play White seems
to be able to improve the position.} 13. e3 O-O 14. Rfc1 Bf5 15. Nh4 Be6 16.
Bf1 Rfc8 17. Ng2 Nd8 18. Rcb1 Bf5 19. Rb2 Ndc6 20. Nf4 Qd8 21. Qd1 Qd6 22. Bd3
Bxd3 23. Nxd3 Ra3 24. Nb3 $14 {0-1 Bagirov,V-Mikenas,V/Riga 1970/URS-ch (82). 
(82)}) 13. a3 $1 Qa5 14. Ra2 $1 {[%cal Gf1a1] Unpinning the a-pawn.} Ra6 ({or} 
14... Qa4 15. Rfa1 $14) (14... bxa3 15. Rfa1 $14) 15. Rfa1 Rb6 {An original
manoeuvre of the rook.} 16. e3 Bf5 17. axb4 Qxb4 18. Qxb4 Rxb4 {This is the
pawn structure White was striving for. While all white pawns are connected(
one "isle"), Black has two weaknesses on d5 and b7(three "isles")} 19. Ne1 f6
20. h4 (20. Bf1 $1 {[%cal Ge1d3,Gd3c5] with the idea of Nd3 looks more logical.
}) 20... Rc8 21. Bf3 {White intends to drive the black bishop out of the
b1-h7-diagonal by playing g4 Bg6 h5.} h6 {[%csl Gh7] Preparing a retreat to h7.
} 22. h5 $5 {[%cal Gf3e2,Ge2d3,Gg3g4] White fixes the kingside, but places one
of his pawns on the light square. Now his plan should involve exchange of the
light-squared bishop.} Kf7 23. Be2 Rb6 24. g4 $1 ({Immediate} 24. Bd3 $2 {
is bad in view of} Bg4) 24... Bh7 25. Bd3 {Here we go. White trades the
bishops and thus justifies his play on the kingside.} Bxd3 26. Nxd3 $16 f5 27.
gxf5 Nxf5 (27... Kf6 {makes more sense since the d5-pawn needs a permanent
protection.}) 28. Nf3 (28. Nf4 $5) 28... Nce7 29. Nf4 {[%csl Rb7,Rd5,Rg7,Rh6]
All black pawns are weak.} Kg8 $6 {The king is better in the centre and so
this decentralization looks weird.} 30. Ne5 {[%csl Ge5,Gf4] White knights
occupy very nice squares.} Nd6 31. Neg6 $1 {With a clear intention to simplify
the position and thus to exploit Black's weaknesses.} Ndf5 ({Doesn't help} 
31... Nxg6 32. Nxg6 Kf7 33. Ra5 {[%csl Rd5]} Rb5 34. Rxb5 Nxb5 35. Rb1 $1 Nd6
36. Rb6 $1 {with Nf4 to follow and White wins the d5-pawn.}) 32. Ra8 $1 {
[%csl Rb7,Rd5,Rg8] Except weakness of the d5 and b7-pawns Black starts to
experience problems with his king.} Rbc6 33. R1a7 $1 $18 {[%csl Rb7] A good
example of Black's hopelessness. Everything is weak and Black loses one pawn
after another.} Kh7 {Now Black loses both the b7 and d5-pawn.} (33... Rxa8 {
giving up "only" one pawn was the best practical chance, but it would hardly
save the game.} 34. Rxa8+ Rc8 35. Rxc8+ Nxc8 36. Nxd5 $18) 34. Rxc8 Rxc8 35.
Rxb7 Ng8 ({or} 35... Re8 36. Rd7 $18 {[%csl Rd5]}) 36. Nxd5 {The rest wasn't
necessary.} (36. Rc7 {is possible, but rather senseless as Black can move the
rook, however it sets a nice trap.} Rxc7 $2 37. Nf8+ Kh8 38. N4g6#) 36... Ra8
37. Ngf4 Rf8 38. Kf1 Rd8 39. Rf7 Nd6 40. Rxg7+ $1 {A good positional example
of Alexander Baburin. Bravo, Alex!} 1-0

[Event "EU-Cup 20th"]
[Site "Izmir"]
[Date "2004.10.07"]
[Round "5.1"]
[White "Georgiev, Kiril"]
[Black "Goloshchapov, Alexander"]
[Result "1-0"]
[WhiteElo "2625"]
[BlackElo "2566"]
[Annotator "Mikhalevski,V"]
[PlyCount "53"]
[EventDate "2004.10.03"]
[EventType "team-swiss"]
[EventRounds "7"]
[EventCountry "TUR"]
[SourceTitle "CBM 104"]
[Source "ChessBase"]
[SourceDate "2005.01.27"]
[SourceVersion "1"]
[SourceVersionDate "2005.01.27"]
[SourceQuality "1"]
[WhiteTeam "Skopje"]
[BlackTeam "Eynatten"]
[WhiteTeamCountry "MKD"]
[BlackTeamCountry "BEL"]

1. Nf3 d5 2. d4 Nf6 3. c4 e6 4. e3 Nbd7 5. Nbd2 c6 6. Bd3 Bd6 7. O-O O-O 8. e4
e5 9. cxd5 cxd5 10. exd5 exd4 {An old symmetric line, which doesn't lose its
popularity. White has some chances for getting an advantage as he is first to
move.} 11. Nc4 (11. Ne4 {is a playable alternative.}) 11... Bc5 {The most
logical. Black protects the d4-pawn, escapes the exchange and finally creates
a threat to the d5-pawn.} ({Black also tested other moves.} 11... Nb6 12. Nxd6
Qxd6 13. Bc2 (13. Nxd4 $5) 13... Bg4 14. Qxd4 Qxd5 (14... Bxf3 $1 15. gxf3 Rac8
$11) 15. Qxd5 Nbxd5 16. Bd2 (16. Ne5 $5) 16... Rfe8 (16... Bxf3 $5) 17. Rfe1 h6
18. Nd4 Bd7 19. f3 $14 {1-0 Korchnoi,V-Fressinet,L/Internet INT 2003/The Week
in Chess 458 (71)}) (11... Nc5 12. Nxd6 Qxd6 13. Bc4 d3 $6 (13... Bg4 $5 14.
Qxd4 Bxf3 15. gxf3 Ne6 $44) 14. b4 Na6 15. a3 $1 Bf5 16. Bb2 $1 Nxd5 17. Nd4
Bg6 18. Bxd3 $14 {[%csl Ra6] 1-0 Fridman,D-Jonkman,H/Kapuskasing CAN 2004/The
Week in Chess 506 (52)}) 12. Bg5 h6 13. Bh4 Nb6 (13... g5 $6 {leads to
weakening of the kingside and it's not worse a pawn, which he wins.} 14. Bg3
Nxd5 15. Nd6 {[%csl Rf5,Rg8][%cal Gd6f5] with more than enough compensation.})
14. Nxb6 (14. Na5 Nbxd5 15. Nb3 Bb6 16. Nfxd4 Nf4 17. Bc2 Bxd4 18. Qf3 Be5 19.
Rfe1 Bb8 20. Be4 Qb6 21. Bxf6 Qxf6 22. Bxb7 Bxb7 23. Qxb7 Be5 24. Rad1 Ne6 {
0-1 Mirzoev,A-Rodriguez Guerrero,E/Sauzal ESP 2004/The Week in Chess 528 (24)})
14... Bxb6 (14... Qxb6 {deserves a serious attention.} 15. Bc4 (15. b4 $5 {
is interesting trying to disorganize black pieces.} Bxb4 ({Dangerous is} 15...
Qxb4 $2 16. Bxf6 gxf6 17. Rb1 $1 Qa3 18. Qd2 {and White is better.}) 16. Rb1
Nxd5 17. a3 Nc3 18. Rxb4 Nxd1 19. Rxb6 axb6 20. Rxd1 $14 {and it looks a
little bit better for White is he consolidates the position with Be7-b4.})
15... Bf5 16. Ne5 $6 (16. Rc1 $5 $11) 16... Rae8 17. Re1 Qxb2 18. d6 $2 (18.
Bxf6 $5 gxf6 19. Nd3 Rxe1+ 20. Qxe1 Bxd3 21. Bxd3 $44) 18... Bxd6 19. Bxf6 gxf6
20. Nxf7 Rxe1+ 21. Qxe1 Bb4 $1 $19 {0-1 Cifuentes Parada,R-Rodriguez Guerrero,
E/Sauzal ESP 2004/The Week in Chess 528 (25). (25) White finishes up in a bad
position a pawn down.}) 15. Nd2 {'!?' An interesting resource. White
sacrifices a pawn in order to weaken the black king by means of Bxf6 and also
creates a threat of Ne4.} ({Another idea is to protect the d5-pawn.} 15. Bc4 {
was also tested on practrice.} Qd6 16. Qb3 Ne4 17. Rfe1 Bf5 18. Rad1 Rae8 19.
Nxd4 $140 Bxd4 20. Rxd4 Nd2 $1 21. Qd1 Nxc4 22. Rxc4 Qxd5 {and draw is the
most likely outcome.}) 15... Qd6 (15... Qxd5 16. Bxf6 gxf6 17. Ne4 Kg7) 16. Re1
({In case of} 16. Nc4 Qxd5 17. Bxf6 gxf6 18. Nxb6 axb6 19. Qd2 Kg7 {Black
doesn't experience any problems.}) 16... Nxd5 17. Nc4 Qf4 18. Re4 (18. Nxb6 $1
{would be more precise as it forces doubling of pawns.} axb6 (18... Nxb6 $2 {
loses an exchange after} 19. Be7 $1 Re8 ({or} 19... Bg4 20. f3) 20. Bg5 $1 {
[%csl Re8,Rf4,Rg8]}) 19. Re4 Qb8 (19... Qc7 {is even worse.} 20. Rc1) 20. Bg3
Qa7 21. Rxd4 $16 {with a huge positional advantage.}) 18... Qc7 19. Nxb6 ({
Another possible option is to obtain the game position with the bishop on g3.} 
19. Bg3 Qd8 20. Nxb6 Qxb6 21. Rxd4 $14) 19... Qxb6 20. Rxd4 {'+/=' White is
better thanks to a bishop pair in the open position.} Be6 ({Certailnly the
rook is untouchable:} 20... Qxd4 $4 21. Bh7+ Kxh7 22. Qxd4 $18) 21. Qd2 Kh8 {
'?' A bad square for the king. This way Black helps to create threats on the
kingside.} (21... Rfe8 $1 {was necessary preparing retreat of the knight to e7
where it helps to protect the king.} 22. Be4 Ne7 23. Rd6 $14 ({Now} 23. Rb4 $6
{is senseless in view of} Qa5)) 22. Be4 Nc7 23. Rb4 ({Immediate} 23. Bf6 $1 {
[%csl Rh8] was also winning.} Kg8 24. Rd6 Qb5 25. a4 Qh5 26. Bxg7 Kxg7 27. Qc3+
{[%csl Rc7,Rg7]} Kg8 28. Bf3 $1 $18) 23... Qa5 24. Bf6 Qh5 ({Doesn't save} 
24... Kg8 25. Bxb7 $1 Nd5 (25... Rab8 {leads to a beautiful mating combination.
} 26. Rg4 $3 {[%csl Ra5,Rg7] Sacrificing the queen.} Qxd2 27. Rxg7+ Kh8 28.
Rg3+ Kh7 29. Be4+ Bf5 30. Bxf5#) 26. Bxg7 $1 {and Black can't avoid big
material losses.} Qxb4 (26... Kxg7 {loses the queen.} 27. Rg4+ $1 Bxg4 28. Qxa5
$18) 27. Qxh6 f6 28. Qh8+ Kf7 29. Bxf8 Rxf8 ({or} 29... Qxf8 30. Qh7+) 30. Qh7+
Ke8 31. Bc6+ Kd8 32. Rd1 Qd6 33. Qb7 $1 {White wins back a piece and obtains a
decisive material advantage.}) 25. Bxg7+ {'!' This simple tactical blow
concludes the game. Black loses at least two pawns.} Kxg7 26. Qc3+ f6 {'?!'} (
26... Kg8 27. Qxc7 {is not much better.}) 27. Rxb7 {'!'} 1-0

[Event "FRA-chT Top 16 GpB"]
[Site "Port Barcares"]
[Date "2005.05.06"]
[Round "10"]
[White "Eliet, Nicolas"]
[Black "Stefanova, Antoaneta"]
[Result "0-1"]
[WhiteElo "2430"]
[BlackElo "2495"]
[Annotator "Mikhalevski,V"]
[PlyCount "56"]
[EventDate "2005.05.04"]
[EventType "team"]
[EventRounds "11"]
[EventCountry "FRA"]
[SourceTitle "CBM 107"]
[Source "ChessBase"]
[SourceDate "2005.08.01"]
[SourceVersion "1"]
[SourceVersionDate "2005.08.01"]
[SourceQuality "1"]

1. Nf3 d5 2. e3 c6 3. c4 Nf6 4. Qc2 Nbd7 5. d4 e6 6. b3 {A rare continuation.
White doesn't want to determine the position of his queen's knight yet.} (6.
Nc3 {would transpose into the main line.}) 6... b6 {The point of the early b6
is to challenge the centre as soon as possible saving a tempo by not castling.}
({Usually Black finishes development of the kingside first.} 6... Bd6 7. Bb2
Qe7 (7... O-O 8. Nbd2 Qe7 9. Bd3 e5 10. cxd5 cxd5 11. dxe5 Nxe5 12. Nxe5 Bxe5
13. O-O Bg4 $1 14. Rac1 Rac8 $11 {1-0 Kraut,R-Serrer,C/Groningen 1988/EXT 97 
(44). (43)}) 8. Nbd2 e5 9. cxd5 Nxd5 10. a3 exd4 11. Nxd4 Ne5 12. Be2 O-O 13.
O-O Ng4 14. Bxg4 Bxg4 15. h3 Bd7 16. Nf5 Bxf5 17. Qxf5 $11 {0-1 Maiwald,
J-Borik,O/Germany 1993/GER-chT (42)}) 7. Bb2 Bb7 8. Nbd2 Rc8 9. Bd3 c5 10. O-O
Bd6 {The position is almost symmetric, although White may hope for some edge
since Black lost a tempo for c6-c5, while White played c4 in one move.} 11.
Rad1 h6 $6 {Black wastes important time.} ({Natural} 11... O-O $5 {would be
better.}) 12. Ne5 $6 ({White had a nice chance to exploit Black's slowliness.} 
12. cxd5 $1 Nxd5 (12... exd5 {leads to a positional edge for White after} 13.
dxc5 bxc5 (13... Bxc5 14. Qb1) 14. e4 d4 15. Nc4 $14) (12... cxd4 $2 {loses a
pawn.} 13. Nc4 $1 {[%csl Rd6]} O-O 14. dxe6 fxe6 15. Nxd4 $16) 13. Nc4 {
[%csl Rg7] Now it turns out that Black has a problem with the g7-pawn.} Bf8 (
13... Be7 14. dxc5 {[%csl Rg7]}) 14. Qe2 $14 {[%csl Rg7] and it's not easy for
Black to complete development.}) 12... O-O 13. Qb1 {The queen leaves the
c-file escaping from the X-ray of the black rook.} ({In case of} 13. f4 {
Black could proceed with} cxd4 14. exd4 dxc4 15. bxc4 Nd5 {[%csl Rb4,Re3] F.e.}
16. Qb3 $6 Nxf4 $1 17. Rxf4 Bxe5 18. dxe5 Nc5 $17 {and Black wins a pawn.})
13... Qe7 14. Rfe1 cxd4 15. exd4 Ba3 {Any exchange will relieve Black's task.}
16. Ba1 ({A concrete approach:} 16. Bxa3 Qxa3 17. b4 $1 {[%cal Ge1e3] could
set some problems as the queen on a3 is getting vulnerable.} a5 18. bxa5 Qxa5
19. c5 $1 $14) 16... Rfd8 17. Re3 $2 {With a clear intention to bring the rook
into attack, however the rook won't move from here till the end of the game.} (
17. f4 {supporting the e5-knight would be a better choice.}) 17... Nxe5 $1 18.
dxe5 Nh5 $1 {[%cal Gh5f4] Now White is the one who starts to experience
concrete problems.} 19. cxd5 Bxd5 $17 {The position has dramatically changed
and White has to look for escape.} 20. g3 {It seems thatt he knight has to be
prevented from coming to f4, but new problems appear to be not less annoying.}
Bc5 21. Re2 Qg5 $1 {Black renews the threat of Nf4 and creates a new one,
which she showed in the game.} 22. b4 {Loses on the spot. However it's not so
easy to give a satisfactory advice.} (22. Ne4 {is a tougher defense, but White
is already in trouble.} Bxe4 23. Bxe4 Rxd1+ 24. Qxd1 Rd8 25. Qe1 Nf4 26. Rc2
Qg4 27. Rxc5 bxc5 28. f3 Nh3+ 29. Kg2 Qh5 $17 {and Black should be able to
convert his material advantage into a win despite some concrete problems.}) {
[%tqu "En","","","","h5g3","",10]} 22... Nxg3 $1 $19 {All black pieces are on
their ideal positions and a nice tactical blow decides the game.} 23. hxg3
Qxg3+ 24. Kf1 Bg2+ {Black chooses a more forced line.} ({Another possible way
to win is} 24... Qg2+ 25. Ke1 Bxa2 $3 {A very unusual and nice tactical blow.}
26. Qxa2 Qh1+ 27. Nf1 Bxb4+ {The explanation.} 28. Red2 (28. Qd2 Qh4 $1 $19)
28... Rxd3 {[%csl Rd2][%cal Gh1e4] and White is doomed against the threat of
Qe4+ followed by Rcd8.}) 25. Ke1 Bxf2+ 26. Rxf2 Rxd3 {[%cal Gd3e3]} 27. Nf1 ({
Also} 27. Qxd3 Qxd3 28. Rxg2 Rc2 $19 {is hopeless for White.}) 27... Bxf1 $1
28. Kxf1 Qh3+ {and White resigned as he loses the queen. Bravo, Stefanova!} (
28... Qh3+ 29. Ke1 (29. Ke2 Qe3+ 30. Kf1 Rxd1+ 31. Qxd1 Rc1 $19) 29... Rxd1+
30. Qxd1 Qe3+ 31. Kf1 (31. Re2 Qg1+ 32. Kd2 Rd8+ $19 {[%csl Rd1]}) (31. Qe2
Rc1#) 31... Rc1 $19) 0-1

[Event "Sarajevo Bosnia 35th"]
[Site "Sarajevo"]
[Date "2005.05.26"]
[Round "7"]
[White "Kozul, Zdenko"]
[Black "Timofeev, Artyom"]
[Result "0-1"]
[WhiteElo "2591"]
[BlackElo "2622"]
[Annotator "Mikhalevski,V"]
[PlyCount "78"]
[EventDate "2005.05.19"]
[EventType "tourn"]
[EventRounds "9"]
[EventCountry "BIH"]
[EventCategory "16"]
[SourceTitle "CBM 108"]
[Source "ChessBase"]
[SourceDate "2005.09.26"]
[SourceVersion "1"]
[SourceVersionDate "2005.09.26"]
[SourceQuality "1"]

1. d4 d5 2. c4 e6 3. Nf3 c6 4. Qc2 Nf6 5. Nbd2 {[%cal Gd2c4] A not very
ambitious setup.} dxc4 {This relatively rare continuation is getting some
popularity recently. This is an attempt to solve opening problems at once as
it's not easy for White to prevent c5.} (5... Nbd7) ({and} 5... c5 {are the
main alternatives.}) 6. Qxc4 {A strange combination of Nbd2 with the idea to
meet dxc4 with Nxc4 and then Qxc4, though the latter is aimed against c5.} ({
In most of the games White recaptured by knight.} 6. Nxc4 {however this move
allows} c5 {Black had no problems after} 7. dxc5 (7. Be3 $5 cxd4 8. Nxd4 Nd5 9.
O-O-O Bd7 (9... Nxe3 $5 10. Nxe3 Bd7) 10. Bd2 Qc7 11. e4 Nb4 12. Qb3 N8a6 13.
Kb1 $13 {Kuraica,B-Pavasovic,D, Salona60' rapid/ CBM 93[Tsesarsky]}) 7... Bxc5
8. g3 b6 9. Bg2 Bb7 10. O-O O-O 11. Bg5 Nbd7 12. Rfd1 Qc8 13. Rac1 Be4 14. Qd2
Qa6 15. b3 Bd5 16. Be3 Rfd8 {1/2-1/2 Nielsen,P-Grischuk,A/New York 2000/CBM
076 ext (16). Black equalized without problems and a draw was agreed.}) 6... b5
(6... b6 7. Qc2 c5 8. e4 Nbd7 9. Bc4 Bb7 10. O-O Be7 (10... cxd4 $5 11. Nxd4
Rc8) 11. dxc5 Nxc5 12. Bb5+ Ncd7 13. a3 a6 14. Be2 {1/2-1/2 Bagaturov,G-Matlak,
M/Mlada Boleslav 1993/EXT 97 (14) and if someone can play for a win it should
be Black.}) 7. Qc2 Bb7 8. Nb3 {White deviates from the only early game. The
point is to take control over the c5 and a5-squares.} (8. e4 Nbd7 9. Bd3 a6 10.
Nb3 (10. a4 $5) 10... Qb6 (10... c5 $5) 11. O-O Rc8 12. Qe2 c5 13. dxc5 Nxc5
14. Nxc5 Bxc5 15. a3 $14 {[%cal Gb2b4] 1-0 Lushenkov,M-Kolesnikov,E/Togliatti
2001/CBM 083 ext (53). (52)}) 8... Nbd7 9. Bd2 {[%cal Gb3a5]} b4 {Black
prevents Na5. Now his plan is to prepare and play c5.} 10. e4 Rc8 {[%cal Gc6c5]
} ({Also immediate} 10... c5 $5 {deserved attention.} 11. e5 Ne4) 11. e5 Nd5
12. Rc1 ({White can't stop c5 physically as the c5-pawn will be in danger.} 12.
Nc5 $6 Nxc5 13. dxc5 Qa5 {[%csl Ra2,Rc5]}) 12... c5 {Finally Black comes with
c5.} 13. dxc5 Bxc5 $5 {A non-standard decision. Black gives up a bishop, but
obtains strong knights in the centre} (13... Nxc5 14. Nxc5 Bxc5 15. Bb5+ Ke7
16. Qe4 Qb6 {is also playable.}) 14. Qe4 {Before capturing the bishop White
improves a position of his queen.} Qb6 {Black forces an exchange.} 15. Nxc5
Rxc5 ({After} 15... Nxc5 16. Qg4 {Black can't castle in view of} O-O 17. Bh6)
16. Rxc5 Nxc5 17. Qg4 g6 {A necessity, which weakens the kingside pawn
structure.} 18. Bc4 Ne7 $1 {[%cal Ge7f5] Black brings the knight to a nice
square f5. This way he opens a big diagonal for the light-squared bishop and
partly covers weak dark squares on the kingside.} 19. O-O Nf5 20. Re1 O-O 21.
Bg5 $6 {A wrong manoeuvre. The bishop is doing nothing on f6 except occupying
a nice square.} (21. Bf1 $5) 21... h6 22. Bf6 $6 Nd7 $1 {Starting from this
point White has to think of equalizing.} 23. Bd3 $6 (23. Nh4 $5 {was probably
the best chance to equalize.} Nxf6 ({But not} 23... Qd4 $2 24. Nxf5 {[%cal
Gf5h6]}) 24. exf6 Nxh4 25. Qxh4 Kh7 {and Black is at least not worse thanks to
a strong bishop on b7.}) 23... Nxf6 24. exf6 Bxf3 25. Qxf3 Qd4 $15 {[%csl Rb2,
Rf6] Now Black wins a pawn.} 26. Bxf5 exf5 27. Qc6 $1 ({Doesn't help} 27. Qb3
a5 28. a3 Rb8 29. axb4 axb4 {[%csl Rf6] and the f6-pawn is lost anyway.}) 27...
Qxb2 28. Qa6 $1 {The best square for the queen. From here she protects both f6
and a2-pawns and also attacks the a7-pawn.} g5 $5 {[%cal Gg8h7,Gh7g6] Black
secures the king.} (28... Qc3 $5) 29. h3 $1 {Also white king needs some free
air.} Kh7 (29... Qd4 $5) 30. Qd6 $2 ({Why not simply} 30. Qxa7 Qxf6 31. Qb7 Qb2
32. Qd5 Kg6 33. Re7 {and thanks to activity of the pieces White keeps a draw.})
30... Rg8 $1 31. Re7 (31. Qe7 $142) 31... Qxa2 32. Kh2 $2 {Leaving the f2-pawn
without protection.} (32. Qxb4 $142) 32... Kg6 $17 33. Qxb4 Qxf2 34. Rxf7 $5
Kxf7 35. Qe7+ $2 {Now White loses by force.} ({After} 35. Qc4+ $1 Kxf6 36. Qxg8
$17 {Black would still have to show technique to convert his material
advantage into a win.}) 35... Kg6 $19 36. f7 Qf4+ $1 37. Kh1 ({Or} 37. g3 Qd2+
38. Kg1 Qd4+ 39. Kh2 Qb2+ 40. Kg1 Qb1+ 41. Kf2 Qa2+ {[%cal Ga2f7]}) 37... Rb8
$1 {[%csl Rh1][%cal Gb8b1]} 38. f8=N+ $1 {A nice try, which leads to a nice
end.} (38. f8=Q Rb1+) 38... Kh5 39. Qf7+ (39. g4+ {is senseless:} fxg4 40.
hxg4+ Kxg4 $19) 39... Kh4 (39... Kh4 {It was worth to continue} 40. Ng6+ Kg3 {
The king replaces the queen.} 41. Nxf4 Rb1#) 0-1